00398nam a2200157Ia 4500003000400000008004100004040001600045082001300061100001300074245003900087260004200126300001000168490002500178650001500203650002200218GCL140319s9999 xx 000 0 eng d aGCL / cGCL04a843bM D1 aMARIVOUX10aLA DOUBLE INCONSTANCE / cMARIVOUX a[S.N] : bLE LIVRE DE POCHE ، c1995 a192 P aLE LIVRE DE POCHEv004aLITERATURE04aFRENCH LITERATURE